000 00563nam a2200157 i 4500
001 58718
003 ES-MaACL
007 t|
008 031023s1919 sp ||||1| spa d
100 1 _aDusmet Arizcun, Javier.
_946340
245 1 3 _aEl castillo de San Felipe de Mahón
_b: (monografía histórica) /
_c: Javier Dusmet Arizcun ; con un prólogo de Francisco Hernández Sanz.
260 _aMahón :
_b[s.n.,
_c1919] (
_fImp. F. Truyol)
300 _a12 p., 13 lám. ;
_c19 cm.
700 1 _aHernández Sanz, Francisco.
_963055
852 _aES-MaACL
_jC-9693
_bR.34737
999 _c58718
_d58718